|
|
|
|
| LEADER |
00000nta a2200000 i 4500 |
| 001 |
dolg34282 |
| 005 |
20210902100421.0 |
| 008 |
210902s2013 hu om 000 hun d |
| 040 |
|
|
|a BGE Dolgozattár Repozitórium
|b hun
|
| 041 |
|
|
|a hu
|
| 100 |
1 |
|
|a Bula Teodóra
|
| 245 |
1 |
2 |
|a A Győri Bornapok múltja, jelene és jövője rendezvényszervezői aspektusból
|c Bula Teodóra
|h [elektronikus dokumentum]
|
| 260 |
|
|
|c 2013
|
| 695 |
|
|
|a Rendezvényszervezés
|
| 695 |
|
|
|a Borfesztivál
|
| 700 |
1 |
|
|a Nincs adat Nincs adat
|e ths
|
| 856 |
4 |
0 |
|u http://dolgozattar.uni-bge.hu/34282/1/D_16316_Bula%20Teod%C3%B3ra.pdf
|z Dokumentum-elérés
|